banner koha

Para que serve a maconha (Registro n. 332006)

MARC details
000 -LÍDER
fixed length control field 00720nab a2200229 4500
003 - CÓDIGO MARC DA AGÊNCIA CATALOGADORA
Campo de controle BR-BrBNA
005 - DATA E HORA DA ÚLTIMA ATUALIZAÇÃO
Campo de controle 20250610193107.0
008 - CAMPO DE TAMANHO FIXO
fixed length control field 250610b bl.||||| |||| 00| 0 por d
040 ## - FONTE DA CATALOGAÇÃO
Agência catalogadora BR-BrBNA
Idioma da catalogação por
072 ## - CATEGORIA AGRIS
Código AGRIS F01
100 ## - ENTRADA PRINCIPAL - NOME PESSOAL
Nome pessoal Vital, Nicholas
245 ## - TÍTULO PRINCIPAL
Título principal Para que serve a maconha
Subtítulo Agronegócios
500 ## - NOTA GERAL
Nota geral 6 illus.
942 ## - ADDED ENTRY ELEMENTS (KOHA)
Koha item type Analítica
650 ## - ASSUNTO - THESAGRO
Cabeçalho tópico ou nome geográfico CÂNHAMO
650 ## - ASSUNTO - THESAGRO
Cabeçalho tópico ou nome geográfico CANNABIS SATIVA
650 ## - ASSUNTO - THESAGRO
Cabeçalho tópico ou nome geográfico FIBRA VEGETAL
650 ## - ASSUNTO - THESAGRO
Cabeçalho tópico ou nome geográfico PLANTA TÊXTIL
650 ## - ASSUNTO - THESAGRO
Cabeçalho tópico ou nome geográfico ALIMENTO
773 0# - ENTRADA ANALÍTICA
Host Biblionumber 1706
Registro do item 347879
Imprenta São Paulo-SP Editora Três Ltda - E-mail: luizfsa@revistadinheiro.com.br 2004
Outro identificador 2025-0378
Título Dinheiro Rural (Brazil)
ISSN 1807-3700
Colação v. 6(54) p. 32-33; (Apr 2009)
Número de controle de registro BR2025001298

Nenhum exemplar disponível.

BINAGRI

Telefone: (61)3218-2567/2388/3357/2097 - binagri@agro.gov.br

Ministério da Agricultura e Pecuária , Esplanada dos Ministérios, Bloco D, Anexo B, Brasília/DF, CEP: 70.043-900